Astorga heróica (Record no. 62654)
[ view plain ]
| 000 -LEADER | |
|---|---|
| campo de control de longitud fija | 00658nam a2200181 i 4500 |
| 001 - NÚMERO DE CONTROL | |
| campo de control | 62654 |
| 003 - IDENTIFICADOR DE NÚMERO DE CONTROL | |
| campo de control | ES-MaACL |
| 005 - FECHA Y HORA DE LA ÚLTIMA TRANSACCIÓN | |
| campo de control | 20230906164716.0 |
| 007 - CAMPO FIJO DE DESCRIPCIÓN FÍSICA--INFORMACIÓN GENERAL | |
| campo de control de longitud fija | t| |
| 008 - DATOS DE LONGITUD FIJA--INFORMACIÓN GENERAL | |
| campo de control de longitud fija | 031124s1961 sp ||||1| spa d |
| 100 1# - ENTRADA PRINCIPAL--NOMBRE DE PERSONA | |
| Nombre de persona | Fernández de Arellano, Paulino A. |
| 9 (RLIN) | 49622 |
| 245 10 - MENCIÓN DEL TÍTULO | |
| Título | Astorga heróica |
| Resto del título | : historia documentada de sus sitios durante la guerra de la Independencia, (1808 a 1813) / |
| Mención de responsabilidad, etc. | Paulino A. Fernández de Arellano y Rutilio M. Manrique. |
| 250 ## - MENCION DE EDICION | |
| Mención de edición | 2ª ed. |
| 260 ## - PUBLICACIÓN, DISTRIBUCIÓN, ETC. | |
| Lugar de publicación, distribución, etc. | León : |
| Nombre del editor, distribuidor, etc. | [s.n., |
| Fecha de publicación, distribución, etc. | 1961] ( |
| Fabricante | Imp. Provincial) |
| 300 ## - DESCRIPCIÓN FÍSICA | |
| Extensión | XVIII, 232 p., 5 lám. ; |
| Dimensiones | 24 cm. |
| 700 1# - ENTRADA AGREGADA--NOMBRE PERSONAL | |
| Nombre de persona | Manrique, Rutilio M. |
| 9 (RLIN) | 76103 |
| 852 ## - LOCALIZACIÓN | |
| Ubicación | ES-MaACL |
| Número de control de estantería | C-20412 |
| Sublocalización o colección | R.48769 |
| Estatus retirado | Estado de pérdida | Estado de daño | No para préstamo | Biblioteca de origen | Biblioteca actual | Ubicación en estantería | Fecha de adquisición | Fuente de adquisición | Total de préstamos | Signatura topográfica completa | Código de barras | Visto por última vez | Precio de reemplazo | Tipo de ítem Koha |
|---|---|---|---|---|---|---|---|---|---|---|---|---|---|---|
| Biblioteca del Ateneo de Madrid | Biblioteca del Ateneo de Madrid | Galería | 17/01/2008 | C-20412 | 1065684 | 23/02/2023 | 23/02/2023 | Libro impreso |
